[Event "Asian Club CUp 2014"]
[Site "?"]
[Date "2014.06.24"]
[Round "4.4"]
[White "Saeed, Ishaq"]
[Black "Sandler, Leonid"]
[Result "0-1"]
[LiveChessVersion "1.4.3"]
[BlackElo "2273"]
[WhiteElo "2227"]

1. d4 {[%clk 1:30:48]} d5 {[%clk 1:30:40]} 2. c4 {[%clk 1:30:55]} e6
{[%clk 1:28:02]} 3. Nc3 {[%clk 1:31:12]} Be7 {[%clk 1:28:20]} 4. cxd5
{[%clk 1:31:20]} exd5 {[%clk 1:28:09]} 5. Bf4 {[%clk 1:31:40]} c6
{[%clk 1:28:24]} 6. e3 {[%clk 1:31:52]} Bf5 {[%clk 1:28:32]} 7. g4
{[%clk 1:31:46]} Be6 {[%clk 1:26:50]} 8. h3 {[%clk 1:31:55]} h6 {[%clk 1:20:53]}
9. Bd3 {[%clk 1:30:59]} Nf6 {[%clk 1:20:56]} 10. Nf3 {[%clk 1:30:06]} Nbd7
{[%clk 1:20:26]} 11. Kf1 {[%clk 1:23:04]} a6 {[%clk 1:13:33]} 12. Kg2
{[%clk 1:22:14]} c5 {[%clk 1:03:25]} 13. Rc1 {[%clk 1:19:11]} c4 {[%clk 0:59:02]}
14. Bb1 {[%clk 1:19:33]} b5 {[%clk 0:59:18]} 15. Ne2 {[%clk 1:18:44]} Nb6
{[%clk 0:51:05]} 16. Bh2 {[%clk 1:01:07]} h5 {[%clk 0:48:16]} 17. Ng5
{[%clk 0:32:04]} hxg4 {[%clk 0:38:49]} 18. Nxe6 {[%clk 0:32:24]} gxh3+
{[%clk 0:38:45]} 19. Kf1 {[%clk 0:32:41]} fxe6 {[%clk 0:38:56]} 20. Nf4
{[%clk 0:32:41]} Kd7 {[%clk 0:33:34]} 21. Rg1 {[%clk 0:32:11]} Rg8
{[%clk 0:29:23]} 22. Bg6 {[%clk 0:27:35]} Bd6 {[%clk 0:22:44]} 23. Qf3
{[%clk 0:27:53]} Bxf4 {[%clk 0:19:38]} 24. Bxf4 {[%clk 0:23:01]} Qe7
{[%clk 0:18:05]} 25. Qxh3 {[%clk 0:22:48]} Kc6 {[%clk 0:16:20]} 26. Rg5
{[%clk 0:17:25]} Nbd7 {[%clk 0:15:05]} 27. b3 {[%clk 0:16:12]} Rh8
{[%clk 0:13:03]} 28. Qf3 {[%clk 0:16:05]} Kb6 {[%clk 0:10:38]} 29. bxc4
{[%clk 0:12:03]} dxc4 {[%clk 0:08:31]} 30. e4 {[%clk 0:05:34]} Rac8
{[%clk 0:08:07]} 31. a4 {[%clk 0:04:46]} b4 {[%clk 0:05:40]} 32. d5
{[%clk 0:02:41]} e5 {[%clk 0:05:34]} 33. Be3+ {[%clk 0:01:55]} Kb7
{[%clk 0:05:52]} 34. Bf5 {[%clk 0:01:23]} c3 {[%clk 0:04:53]} 35. d6
{[%clk 0:00:36]} Qxd6 {[%clk 0:04:34]} 36. Rd1 {[%clk 0:01:00]} Rh1+
{[%clk 0:04:11]} 37. Rg1 {[%clk 0:01:29]} Rxg1+ {[%clk 0:04:27]} 38. Kxg1
{[%clk 0:01:58]} Qc6 {[%clk 0:04:46]} 39. a5 {[%clk 0:00:45]} Rc7
{[%clk 0:04:55]} 40. Qg3 {[%clk 0:00:35]} b3 {[%clk 0:04:32]} 41. f4
{[%clk 0:00:34]} c2 {[%clk 0:04:28]} 42. Re1 {[%clk 0:00:35]} Qc3
{[%clk 0:03:43]} 43. fxe5 {[%clk 0:00:42]} Nxe5 {[%clk 0:03:51]} 44. Kh2
{[%clk 0:00:35]} Qxe1 {[%clk 0:03:51]} 45. Qxe5 {[%clk 0:00:37]} Qxe3
{[%clk 0:04:03]} 46. Qd6 {[%clk 0:00:50]} Qf2+ {[%clk 0:04:00]} 47. Kh3
{[%clk 0:01:12]} Rc3+ 0-1

[Event "Asian Club CUp 2014"]
[Site "?"]
[Date "2014.06.24"]
[Round "4.5"]
[White "Nolte, Rolando"]
[Black "Zhou, Jianchao"]
[Result "1/2-1/2"]
[LiveChessVersion "1.4.3"]
[BlackElo "2586"]
[WhiteElo "2395"]

1. e4 c5 2. Nf3 d6 3. d4 cxd4 4. Nxd4 Nf6 5. Nc3 Nc6 6. Bg5 e6 7. Qd2 a6 8. O-O-O
Bd7 9. f4 b5 10. Nxc6 Bxc6 11. Qe1 h6 12. Bh4 Be7 13. Bd3 b4 14. Ne2 Qb6 15. Kb1
Nxe4 16. Bxe7 Kxe7 17. Bxe4 Bxe4 18. Ng3 Bh7 19. f5 Rhc8 20. Rf1 Kf8 21. Rd2 Bxf5
22. Nxf5 exf5 23. Rxf5 Re8 24. Qf1 Ra7 25. b3 Rae7 26. Qf4 Kg8 27. Kb2 Re1 28.
Qd4 Qxd4+ 29. Rxd4 R1e2 30. Rxb4 Rxg2 31. Rc4 Rxh2 32. Rc7 Ree2 33. Rc8+ Kh7 34.
Rxf7 h5 35. Ra7 h4 36. Rxa6 Re6 37. Raa8 g5 38. a4 g4 39. Rh8+ Kg6 40. Rag8+ Kf5
41. Rh5+ Kf4 42. Ra8 1/2-1/2

[Event "Asian Club CUp 2014"]
[Site "?"]
[Date "2014.06.24"]
[Round "4.7"]
[White "Senador, Emmanuel"]
[Black "Zhang, Xiaowen"]
[Result "1/2-1/2"]
[LiveChessVersion "1.4.3"]
[BlackElo "2383"]
[WhiteElo "2337"]

1. e4 {[%clk 1:30:56]} e6 {[%clk 1:30:52]} 2. d4 {[%clk 1:31:20]} d5
{[%clk 1:31:12]} 3. Nc3 {[%clk 1:31:37]} Bb4 {[%clk 1:30:46]} 4. exd5
{[%clk 1:31:36]} exd5 {[%clk 1:31:08]} 5. Bd3 {[%clk 1:31:46]} Nf6
{[%clk 1:29:52]} 6. Nge2 {[%clk 1:31:34]} O-O {[%clk 1:29:33]} 7. O-O
{[%clk 1:31:59]} c6 {[%clk 1:28:45]} 8. Bg5 {[%clk 1:31:01]} Be7 {[%clk 1:27:08]}
9. Ng3 {[%clk 1:30:00]} h6 {[%clk 1:24:42]} 10. Bf4 {[%clk 1:29:06]} Bd6
{[%clk 1:24:57]} 11. Qd2 {[%clk 1:24:07]} Bxf4 {[%clk 1:24:59]} 12. Qxf4
{[%clk 1:24:27]} Na6 {[%clk 1:25:09]} 13. Bxa6 {[%clk 1:22:22]} bxa6
{[%clk 1:25:35]} 14. Rfe1 {[%clk 1:22:35]} Qa5 {[%clk 1:18:27]} 15. a3
{[%clk 1:10:00]} Be6 {[%clk 1:15:37]} 16. b4 {[%clk 1:08:49]} Qd8
{[%clk 1:15:54]} 17. Na4 {[%clk 1:08:56]} Nd7 {[%clk 1:15:55]} 18. Re3
{[%clk 1:03:53]} a5 {[%clk 1:10:52]} 19. Nh5 {[%clk 0:59:24]} Qg5
{[%clk 1:10:30]} 20. Qxg5 {[%clk 0:51:23]} hxg5 {[%clk 1:10:58]} 21. bxa5
{[%clk 0:50:48]} Rab8 {[%clk 1:11:20]} 22. Rc3 {[%clk 0:48:40]} Rfc8
{[%clk 1:10:37]} 23. Nc5 {[%clk 0:47:58]} Nxc5 {[%clk 1:10:57]} 24. Rxc5
{[%clk 0:48:15]} Rb5 {[%clk 1:11:23]} 25. Rc3 {[%clk 0:38:10]} c5
{[%clk 1:05:05]} 26. Ng3 {[%clk 0:38:24]} cxd4 {[%clk 0:43:59]} 27. Rxc8+
{[%clk 0:38:39]} Bxc8 {[%clk 0:44:27]} 28. Ne2 {[%clk 0:38:57]} Rxa5
{[%clk 0:44:53]} 29. Nxd4 {[%clk 0:39:20]} Ra4 {[%clk 0:45:16]} 30. c3
{[%clk 0:39:23]} Rc4 {[%clk 0:45:34]} 31. Rc1 {[%clk 0:39:04]} Ra4
{[%clk 0:45:59]} 32. Ra1 {[%clk 0:39:21]} Rc4 {[%clk 0:46:24]} 33. Rc1
{[%clk 0:39:31]} Ra4 {[%clk 0:46:44]} 1/2-1/2

[Event "Asian Club CUp 2014"]
[Site "?"]
[Date "2014.06.24"]
[Round "4.9"]
[White "Kostenko, Petr"]
[Black "Hossain, Enamul"]
[Result "1-0"]
[LiveChessVersion "1.4.3"]
[BlackElo "2424"]
[WhiteElo "2484"]

1. c4 {[%clk 1:30:50]} e5 {[%clk 1:30:44]} 2. g3 {[%clk 1:31:17]} Nf6
{[%clk 1:30:55]} 3. Bg2 {[%clk 1:31:44]} Nc6 {[%clk 1:30:57]} 4. Nf3
{[%clk 1:31:50]} Bc5 {[%clk 1:30:45]} 5. O-O {[%clk 1:32:05]} d6 {[%clk 1:29:55]}
6. Nc3 {[%clk 1:32:31]} a6 {[%clk 1:29:33]} 7. d3 {[%clk 1:32:51]} h6
{[%clk 1:29:31]} 8. a3 {[%clk 1:33:12]} O-O {[%clk 1:29:51]} 9. b4
{[%clk 1:33:36]} Ba7 {[%clk 1:30:14]} 10. Bb2 {[%clk 1:34:01]} Be6
{[%clk 1:29:33]} 11. Rc1 {[%clk 1:32:50]} Qd7 {[%clk 1:29:02]} 12. e3
{[%clk 1:31:33]} Ng4 {[%clk 1:25:30]} 13. h3 {[%clk 1:21:07]} Bxe3
{[%clk 1:24:06]} 14. hxg4 {[%clk 1:21:18]} Bxc1 {[%clk 1:24:29]} 15. Qxc1
{[%clk 1:21:01]} Bxg4 {[%clk 1:24:54]} 16. Nd5 {[%clk 1:18:46]} Rab8
{[%clk 1:11:41]} 17. Re1 {[%clk 1:17:52]} Rfe8 {[%clk 0:59:42]} 18. Nd2
{[%clk 1:09:25]} Ne7 {[%clk 0:57:30]} 19. Nf1 {[%clk 0:56:00]} Nxd5
{[%clk 0:55:26]} 20. cxd5 {[%clk 0:56:26]} Re7 {[%clk 0:54:46]} 21. d4
{[%clk 0:56:37]} f6 {[%clk 0:50:04]} 22. dxe5 {[%clk 0:54:32]} fxe5
{[%clk 0:50:09]} 23. Ne3 {[%clk 0:46:59]} Bh5 {[%clk 0:46:33]} 24. Qc4
{[%clk 0:46:20]} Rf8 {[%clk 0:42:29]} 25. Qh4 {[%clk 0:45:16]} Qe8
{[%clk 0:41:36]} 26. Be4 {[%clk 0:43:48]} Bf3 {[%clk 0:38:05]} 27. Bxf3
{[%clk 0:43:40]} Rxf3 {[%clk 0:38:32]} 28. Re2 {[%clk 0:42:50]} Ref7
{[%clk 0:38:19]} 29. Qe4 {[%clk 0:39:35]} Qf8 {[%clk 0:35:48]} 30. Nd1
{[%clk 0:39:55]} Qc8 {[%clk 0:33:04]} 31. Kg2 {[%clk 0:38:45]} R3f6
{[%clk 0:29:11]} 32. Rc2 {[%clk 0:34:40]} Qd7 {[%clk 0:28:30]} 33. Ne3
{[%clk 0:32:32]} Kh8 {[%clk 0:27:54]} 34. f4 {[%clk 0:30:11]} exf4
{[%clk 0:23:35]} 35. Bxf6 {[%clk 0:30:26]} fxe3 {[%clk 0:24:03]} 36. Bd4
{[%clk 0:30:14]} Qb5 {[%clk 0:24:19]} 37. Kh2 {[%clk 0:28:02]} Qf1
{[%clk 0:12:32]} 38. Qxe3 {[%clk 0:25:27]} Kg8 {[%clk 0:13:00]} 39. Qe8+
{[%clk 0:20:36]} Kh7 {[%clk 0:12:19]} 40. Qe4+ {[%clk 0:20:44]} Kg8
{[%clk 0:12:36]} 41. Re2 {[%clk 0:19:27]} Rf5 {[%clk 0:09:57]} 42. Qg4
{[%clk 0:18:50]} Rf7 {[%clk 0:09:37]} 43. Re8+ {[%clk 0:16:20]} Kh7
{[%clk 0:10:05]} 44. Rf8 {[%clk 0:15:29]} 1-0

[Event "Asian Club CUp 2014"]
[Site "?"]
[Date "2014.06.24"]
[Round "4.11"]
[White "Kotsur, Pavel"]
[Black "Rahman, Md. Taibur"]
[Result "1/2-1/2"]
[LiveChessVersion "1.4.3"]
[BlackElo "2294"]
[WhiteElo "2558"]

1. e4 {[%clk 1:30:54]} c5 {[%clk 1:30:56]} 2. Nf3 {[%clk 1:31:13]} Nc6
{[%clk 1:31:22]} 3. c3 {[%clk 1:31:33]} Nf6 {[%clk 1:31:47]} 4. e5
{[%clk 1:31:55]} Nd5 {[%clk 1:32:13]} 5. Bc4 {[%clk 1:32:18]} e6 {[%clk 1:27:58]}
6. d4 {[%clk 1:31:55]} cxd4 {[%clk 1:28:23]} 7. cxd4 {[%clk 1:32:18]} d6
{[%clk 1:28:41]} 8. O-O {[%clk 1:32:35]} Be7 {[%clk 1:28:50]} 9. Bd2
{[%clk 1:32:31]} O-O {[%clk 1:25:56]} 10. Nc3 {[%clk 1:32:46]} Nxc3
{[%clk 1:21:51]} 11. Bxc3 {[%clk 1:32:58]} Bd7 {[%clk 1:13:55]} 12. exd6
{[%clk 1:26:43]} Bxd6 {[%clk 1:14:07]} 13. d5 {[%clk 1:26:58]} exd5
{[%clk 1:06:46]} 14. Bxd5 {[%clk 1:27:12]} Be7 {[%clk 1:06:22]} 15. Qb3
{[%clk 1:15:04]} Qb6 {[%clk 1:00:33]} 16. Rfe1 {[%clk 1:02:10]} Qxb3
{[%clk 0:58:25]} 17. axb3 {[%clk 1:01:42]} Rfe8 {[%clk 0:50:23]} 18. Ne5
{[%clk 0:56:23]} Nxe5 {[%clk 0:49:28]} 19. Rxe5 {[%clk 0:56:49]} Bc6
{[%clk 0:37:31]} 20. Bxc6 {[%clk 0:56:45]} bxc6 {[%clk 0:37:57]} 21. b4
{[%clk 0:53:38]} f6 {[%clk 0:32:28]} 22. Re6 {[%clk 0:50:25]} c5 {[%clk 0:32:33]}
23. b5 {[%clk 0:50:25]} Kf7 {[%clk 0:20:30]} 24. Rea6 {[%clk 0:50:37]} Rab8
{[%clk 0:20:31]} 25. Rxa7 {[%clk 0:48:09]} Rxb5 {[%clk 0:20:55]} 26. Kf1
{[%clk 0:48:24]} Rb6 {[%clk 0:19:15]} 27. Rd1 {[%clk 0:47:47]} Kg6
{[%clk 0:18:13]} 28. Re1 {[%clk 0:47:09]} Kf7 {[%clk 0:18:14]} 29. g3
{[%clk 0:47:05]} Re6 {[%clk 0:18:26]} 30. Rd1 {[%clk 0:47:26]} Kg6
{[%clk 0:18:38]} 31. Rdd7 {[%clk 0:46:35]} Bf8 {[%clk 0:18:40]} 32. Rab7
{[%clk 0:46:38]} R6e7 {[%clk 0:18:25]} 33. Rxe7 {[%clk 0:46:46]} Rxe7
{[%clk 0:18:40]} 34. Rb8 {[%clk 0:47:07]} Kf7 {[%clk 0:19:05]} 35. Bd2
{[%clk 0:47:24]} Rd7 {[%clk 0:16:22]} 36. Ke2 {[%clk 0:47:04]} Bd6
{[%clk 0:16:31]} 37. Rb6 {[%clk 0:46:48]} Be5 {[%clk 0:15:45]} 38. Bc3
{[%clk 0:46:30]} Bd4 {[%clk 0:15:28]} 39. Bxd4 {[%clk 0:45:30]} Rxd4
{[%clk 0:15:50]} 40. Rb7+ {[%clk 0:45:51]} Kg6 {[%clk 0:16:14]} 41. Rb5
{[%clk 0:46:14]} Rd5 {[%clk 0:09:55]} 42. f4 {[%clk 0:46:20]} Rh5
{[%clk 0:07:37]} 43. h4 {[%clk 0:46:35]} c4 {[%clk 0:03:44]} 44. Rb4
{[%clk 0:34:03]} Rc5 {[%clk 0:04:13]} 45. Kd2 {[%clk 0:34:23]} Rd5+
{[%clk 0:02:25]} 46. Kc2 {[%clk 0:34:23]} Rd4 {[%clk 0:02:28]} 47. Ra4
{[%clk 0:31:45]} Kf5 {[%clk 0:02:08]} 48. Ra7 {[%clk 0:31:54]} g6
{[%clk 0:02:27]} 49. Rxh7 {[%clk 0:31:34]} Rd3 {[%clk 0:01:06]} 50. Rc7
{[%clk 0:30:34]} Rxg3 {[%clk 0:01:28]} 51. Rxc4 {[%clk 0:30:56]} Rh3
{[%clk 0:01:45]} 52. b4 {[%clk 0:31:01]} Rxh4 {[%clk 0:02:11]} 53. b5
{[%clk 0:31:26]} Rh8 {[%clk 0:01:27]} 54. Rb4 {[%clk 0:30:09]} g5
{[%clk 0:01:45]} 55. fxg5 {[%clk 0:30:36]} fxg5 {[%clk 0:02:12]} 56. Kd2
{[%clk 0:30:35]} Rb8 {[%clk 0:02:13]} 1/2-1/2

[Event "Asian Club CUp 2014"]
[Site "?"]
[Date "2014.06.24"]
[Round "4.12"]
[White "Ahmed, Sk. Nasir"]
[Black "Khusnutdinov, Rustam"]
[Result "0-1"]
[LiveChessVersion "1.4.3"]
[BlackElo "2482"]
[WhiteElo "2320"]

1. e4 {[%clk 1:27:33]} c5 {[%clk 1:29:38]} 2. Nf3 {[%clk 1:27:53]} e6
{[%clk 1:30:03]} 3. d4 {[%clk 1:27:45]} cxd4 {[%clk 1:30:11]} 4. Nxd4
{[%clk 1:28:12]} Nc6 {[%clk 1:30:11]} 5. Nc3 {[%clk 1:28:29]} Qc7
{[%clk 1:30:14]} 6. Be2 {[%clk 1:28:47]} Nf6 {[%clk 1:26:39]} 7. O-O
{[%clk 1:28:56]} a6 {[%clk 1:26:16]} 8. Be3 {[%clk 1:28:33]} Bb4 {[%clk 1:24:01]}
9. Na4 {[%clk 1:24:21]} O-O {[%clk 1:21:35]} 10. Nxc6 {[%clk 1:20:09]} bxc6
{[%clk 1:21:16]} 11. f4 {[%clk 1:04:42]} Rb8 {[%clk 1:11:09]} 12. Bd3
{[%clk 0:58:23]} Be7 {[%clk 1:04:02]} 13. c4 {[%clk 0:55:15]} d6 {[%clk 0:57:14]}
14. c5 {[%clk 0:53:59]} dxc5 {[%clk 0:46:00]} 15. Qc2 {[%clk 0:40:48]} c4
{[%clk 0:39:34]} 16. Bxc4 {[%clk 0:40:02]} Ng4 {[%clk 0:39:40]} 17. Qe2
{[%clk 0:27:45]} Nxe3 {[%clk 0:34:03]} 18. Qxe3 {[%clk 0:28:09]} c5
{[%clk 0:34:02]} 19. b3 {[%clk 0:26:15]} Bb7 {[%clk 0:33:20]} 20. Rac1
{[%clk 0:19:06]} Qc6 {[%clk 0:30:17]} 21. Bd3 {[%clk 0:17:44]} Rfd8
{[%clk 0:28:35]} 22. Rf3 {[%clk 0:14:45]} Rd4 {[%clk 0:25:42]} 23. Qe2
{[%clk 0:02:49]} Rbd8 {[%clk 0:25:34]} 24. Rc3 {[%clk 0:02:28]} c4
{[%clk 0:09:52]} 25. Rxc4 {[%clk 0:02:03]} Rxc4 {[%clk 0:10:19]} 26. Bxc4
{[%clk 0:02:25]} Qxe4 {[%clk 0:10:44]} 27. Qxe4 {[%clk 0:02:24]} Bxe4
{[%clk 0:11:11]} 28. Re3 {[%clk 0:01:56]} Bc6 {[%clk 0:08:06]} 29. Rd3
{[%clk 0:02:05]} Rxd3 {[%clk 0:05:45]} 30. Bxd3 {[%clk 0:02:34]} a5
{[%clk 0:06:09]} 31. Kf2 {[%clk 0:02:07]} Bf6 {[%clk 0:06:07]} 32. g3
{[%clk 0:01:01]} Bd4+ {[%clk 0:06:28]} 33. Ke2 {[%clk 0:01:20]} h5
{[%clk 0:05:50]} 34. h3 {[%clk 0:01:13]} Kf8 {[%clk 0:05:56]} 35. Kf1
{[%clk 0:00:44]} Ke7 {[%clk 0:06:15]} 36. Be2 {[%clk 0:00:57]} g6
{[%clk 0:06:35]} 37. Bd3 {[%clk 0:00:59]} Kf6 {[%clk 0:06:25]} 38. Bc2
{[%clk 0:00:38]} g5 {[%clk 0:06:35]} 39. fxg5+ {[%clk 0:00:58]} Kxg5
{[%clk 0:07:01]} 40. Ke2 {[%clk 0:00:50]} Bg2 {[%clk 0:04:33]} 41. Kd3
{[%clk 0:00:46]} e5 {[%clk 0:04:57]} 42. Nc3 {[%clk 0:00:53]} Bf1+
{[%clk 0:01:48]} 43. Kd2 {[%clk 0:01:19]} Bxh3 {[%clk 0:01:48]} 44. Ne4+
{[%clk 0:01:26]} Kh6 {[%clk 0:01:46]} 45. Nd6 {[%clk 0:01:43]} Be6
{[%clk 0:02:01]} 46. Nf5+ {[%clk 0:00:57]} Bxf5 {[%clk 0:01:49]} 47. Bxf5
{[%clk 0:01:25]} Kg5 {[%clk 0:02:12]} 48. Bd7 {[%clk 0:01:14]} Bf2
{[%clk 0:02:38]} 49. Ke2 {[%clk 0:01:04]} Bxg3 {[%clk 0:03:04]} 50. Kf3
{[%clk 0:01:23]} Be1 {[%clk 0:02:32]} 51. Ke4 {[%clk 0:01:42]} Bc3
{[%clk 0:02:58]} 52. a3 {[%clk 0:01:27]} f6 {[%clk 0:02:31]} 53. Bc8
{[%clk 0:01:26]} Be1 {[%clk 0:02:12]} 54. Bf5 {[%clk 0:01:12]} h4
{[%clk 0:02:38]} 55. Bh3 {[%clk 0:01:10]} Kg6 {[%clk 0:03:03]} 56. Bf5+
{[%clk 0:01:16]} Kf7 {[%clk 0:03:30]} 57. Bh3 {[%clk 0:01:22]} Ke7
{[%clk 0:03:56]} 58. Kf5 {[%clk 0:01:27]} Bc3 {[%clk 0:03:50]} 59. Kg4
{[%clk 0:01:19]} Kd6 {[%clk 0:04:01]} 60. Kxh4 {[%clk 0:01:12]} e4
{[%clk 0:04:26]} 61. Kg3 {[%clk 0:01:13]} Ke5 {[%clk 0:04:53]} 62. Bd7
{[%clk 0:01:19]} f5 {[%clk 0:05:17]} 63. Kf2 {[%clk 0:01:18]} f4 {[%clk 0:05:42]}
64. Bc6 {[%clk 0:01:00]} Bd4+ {[%clk 0:06:02]} 65. Kf1 {[%clk 0:01:10]} Bc5
{[%clk 0:05:30]} 66. b4 {[%clk 0:01:01]} Bxb4 {[%clk 0:05:43]} 67. axb4
{[%clk 0:00:51]} axb4 {[%clk 0:06:10]} 68. Ba4 {[%clk 0:00:39]} f3
{[%clk 0:05:52]} 69. Kf2 {[%clk 0:00:39]} Kf4 {[%clk 0:06:18]} 70. Bb3
{[%clk 0:00:47]} e3+ {[%clk 0:06:44]} 71. Kf1 {[%clk 0:00:52]} Ke4
{[%clk 0:07:09]} 72. Bd1 {[%clk 0:01:03]} f2 {[%clk 0:06:12]} 73. Bc2+
{[%clk 0:00:33]} Kd4 {[%clk 0:06:39]} 74. Ke2 {[%clk 0:00:52]} Kc3
{[%clk 0:07:06]} 75. Be4 {[%clk 0:01:06]} f1=Q+ {[%clk 0:06:49]} 76. Kxf1
{[%clk 0:01:33]} Kd2 {[%clk 0:07:15]} 0-1

[Event "Asian Club CUp 2014"]
[Site "?"]
[Date "2014.06.24"]
[Round "4.13"]
[White "Sethuraman, S.P."]
[Black "Noah, A .H. Al-Ali"]
[Result "1-0"]
[LiveChessVersion "1.4.3"]
[BlackElo "2334"]
[WhiteElo "2576"]

1. Nf3 {[%clk 1:30:53]} Nf6 {[%clk 1:19:48]} 2. c4 {[%clk 1:31:03]} g6
{[%clk 1:15:20]} 3. d4 {[%clk 1:30:53]} Bg7 {[%clk 1:15:14]} 4. Nc3
{[%clk 1:31:03]} d5 {[%clk 1:15:15]} 5. Qb3 {[%clk 1:31:01]} dxc4
{[%clk 1:10:46]} 6. Qxc4 {[%clk 1:31:11]} O-O {[%clk 1:10:07]} 7. e4
{[%clk 1:31:34]} a6 {[%clk 1:05:52]} 8. a3 {[%clk 1:29:52]} b5 {[%clk 1:03:12]}
9. Qd3 {[%clk 1:30:16]} c5 {[%clk 0:58:54]} 10. dxc5 {[%clk 1:30:31]} Bb7
{[%clk 0:59:08]} 11. Be3 {[%clk 1:30:28]} Nc6 {[%clk 0:51:04]} 12. Rc1
{[%clk 1:04:01]} Qa5 {[%clk 0:35:20]} 13. Bd2 {[%clk 1:01:26]} Rfd8
{[%clk 0:30:57]} 14. Qb1 {[%clk 0:51:02]} Ne5 {[%clk 0:19:09]} 15. Nxe5
{[%clk 0:41:51]} Rxd2 {[%clk 0:19:20]} 16. c6 {[%clk 0:42:16]} Rad8
{[%clk 0:03:25]} 17. cxb7 {[%clk 0:39:54]} Qb6 {[%clk 0:02:09]} 18. Be2
{[%clk 0:39:48]} Qxb7 {[%clk 0:01:28]} 19. O-O {[%clk 0:33:10]} Nxe4
{[%clk 0:01:49]} 20. Nxe4 {[%clk 0:27:29]} Rxe2 {[%clk 0:02:11]} 21. Nc6
{[%clk 0:27:56]} Rd5 {[%clk 0:00:58]} 22. Nc3 {[%clk 0:24:54]} Bxc3
{[%clk 0:01:26]} 23. Rxc3 {[%clk 0:25:19]} Rdd2 {[%clk 0:01:21]} 24. Qc1
{[%clk 0:23:58]} Qb6 {[%clk 0:01:29]} 25. Rc5 {[%clk 0:23:54]} Kg7
{[%clk 0:01:08]} 26. Qc3+ {[%clk 0:22:48]} f6 {[%clk 0:01:37]} 27. Nd4
{[%clk 0:22:29]} Re4 {[%clk 0:02:00]} 28. Qxd2 {[%clk 0:22:15]} Qxc5
{[%clk 0:02:27]} 29. Rd1 {[%clk 0:22:22]} 1-0

[Event "Asian Club CUp 2014"]
[Site "?"]
[Date "2014.06.24"]
[Round "4.15"]
[White "Lalith, Babu M.R."]
[Black "Ehab, Mazin Elias"]
[Result "1-0"]
[LiveChessVersion "1.4.3"]
[BlackElo "2276"]
[WhiteElo "2561"]

1. Nf3 {[%clk 1:30:56]} Nf6 {[%clk 1:30:27]} 2. c4 {[%clk 1:31:16]} c6
{[%clk 1:30:41]} 3. d4 {[%clk 1:31:29]} d5 {[%clk 1:31:04]} 4. Nbd2
{[%clk 1:31:37]} a6 {[%clk 1:31:02]} 5. g3 {[%clk 1:31:35]} g6 {[%clk 1:31:01]}
6. Bg2 {[%clk 1:31:43]} Bg7 {[%clk 1:30:56]} 7. O-O {[%clk 1:30:42]} O-O
{[%clk 1:30:01]} 8. b3 {[%clk 1:26:42]} b5 {[%clk 1:24:32]} 9. Bb2
{[%clk 1:25:04]} Nbd7 {[%clk 1:23:22]} 10. Qc2 {[%clk 1:23:39]} Rb8
{[%clk 1:22:32]} 11. c5 {[%clk 1:18:38]} Re8 {[%clk 1:16:47]} 12. Rfe1
{[%clk 1:06:11]} Qc7 {[%clk 1:16:44]} 13. h3 {[%clk 0:53:06]} Ne4
{[%clk 1:06:52]} 14. Nxe4 {[%clk 0:50:54]} dxe4 {[%clk 1:07:06]} 15. Qxe4
{[%clk 0:51:19]} Nxc5 {[%clk 1:07:19]} 16. Qc2 {[%clk 0:51:35]} Nd7
{[%clk 1:06:16]} 17. Rac1 {[%clk 0:50:55]} Bb7 {[%clk 1:05:28]} 18. Nd2
{[%clk 0:46:11]} e5 {[%clk 0:59:16]} 19. dxe5 {[%clk 0:31:31]} Bxe5
{[%clk 0:51:17]} 20. b4 {[%clk 0:31:31]} a5 {[%clk 0:47:08]} 21. Ne4
{[%clk 0:27:50]} c5 {[%clk 0:40:09]} 22. Nxc5 {[%clk 0:23:31]} Bxg2
{[%clk 0:38:29]} 23. Kxg2 {[%clk 0:22:52]} Nxc5 {[%clk 0:37:20]} 24. bxc5
{[%clk 0:23:16]} Bxb2 {[%clk 0:37:02]} 25. Qxb2 {[%clk 0:23:38]} Re5
{[%clk 0:37:28]} 26. c6 {[%clk 0:21:18]} Re6 {[%clk 0:36:49]} 27. Rc5
{[%clk 0:21:20]} Rb6 {[%clk 0:36:24]} 28. Kg1 {[%clk 0:21:02]} Rexc6
{[%clk 0:23:18]} 29. Rxb5 {[%clk 0:21:23]} Rxb5 {[%clk 0:22:18]} 30. Qxb5
{[%clk 0:21:48]} Qb6 {[%clk 0:20:46]} 31. Qa4 {[%clk 0:12:28]} h5
{[%clk 0:17:26]} 32. Rd1 {[%clk 0:12:29]} Qc7 {[%clk 0:12:52]} 33. Kg2
{[%clk 0:11:42]} Re6 {[%clk 0:12:58]} 34. Rd2 {[%clk 0:10:24]} Qb7+
{[%clk 0:11:13]} 35. Kh2 {[%clk 0:10:30]} Qb6 {[%clk 0:09:36]} 36. e3
{[%clk 0:10:54]} Kh7 {[%clk 0:07:05]} 37. Qd4 {[%clk 0:11:01]} Qc6
{[%clk 0:03:59]} 38. Qd5 {[%clk 0:07:17]} Qc3 {[%clk 0:04:02]} 39. Kg2
{[%clk 0:07:05]} a4 {[%clk 0:03:34]} 40. Rd4 {[%clk 0:07:02]} a3 {[%clk 0:02:49]}
41. Rc4 {[%clk 0:06:10]} Qf6 {[%clk 0:01:04]} 42. Rc7 {[%clk 0:05:03]} Re7
{[%clk 0:01:17]} 43. Qd8 {[%clk 0:04:35]} Re6 {[%clk 0:00:51]} 44. Qxf6
{[%clk 0:04:59]} Rxf6 {[%clk 0:01:16]} 45. Ra7 {[%clk 0:05:28]} Kg7
{[%clk 0:01:28]} 46. Rxa3 {[%clk 0:05:53]} Rb6 {[%clk 0:01:54]} 47. g4
{[%clk 0:05:23]} hxg4 {[%clk 0:02:12]} 48. hxg4 {[%clk 0:05:50]} Rb2
{[%clk 0:02:22]} 49. Ra8 {[%clk 0:05:06]} Kf6 {[%clk 0:02:46]} 50. Kg3
{[%clk 0:05:21]} Kg5 {[%clk 0:02:53]} 51. f4+ {[%clk 0:05:31]} Kf6
{[%clk 0:03:06]} 52. a4 {[%clk 0:05:44]} Ra2 {[%clk 0:03:16]} 53. Kf3
{[%clk 0:05:57]} Ke6 {[%clk 0:03:28]} 54. a5 {[%clk 0:05:24]} Ra4
{[%clk 0:03:40]} 55. a6 {[%clk 0:05:48]} Kf6 {[%clk 0:04:03]} 56. g5+
{[%clk 0:05:54]} Kf5 {[%clk 0:04:03]} 57. a7 {[%clk 0:06:13]} Ra3
{[%clk 0:03:09]} 58. Re8 {[%clk 0:06:24]} 1-0

[Event "Asian Club CUp 2014"]
[Site "?"]
[Date "2014.06.24"]
[Round "4.16"]
[White "Ali, Ghazi Al-Saadi"]
[Black "Sengupta, Deep"]
[Result "0-1"]
[LiveChessVersion "1.4.3"]
[BlackElo "2536"]
[WhiteElo "2122"]

1. e4 {[%clk 1:30:39]} e6 {[%clk 1:30:22]} 2. d4 {[%clk 1:30:42]} d5
{[%clk 1:30:48]} 3. Nd2 {[%clk 1:30:45]} Nf6 {[%clk 1:31:11]} 4. e5
{[%clk 1:30:42]} Nfd7 {[%clk 1:31:34]} 5. Bd3 {[%clk 1:30:34]} c5
{[%clk 1:31:58]} 6. c3 {[%clk 1:30:18]} Nc6 {[%clk 1:32:18]} 7. Ngf3
{[%clk 1:30:40]} g6 {[%clk 1:32:09]} 8. O-O {[%clk 1:30:45]} Bg7 {[%clk 1:32:29]}
9. Re1 {[%clk 1:27:13]} O-O {[%clk 1:31:19]} 10. Nf1 {[%clk 1:23:21]} cxd4
{[%clk 1:29:41]} 11. cxd4 {[%clk 1:23:33]} Qb6 {[%clk 1:30:04]} 12. Bb1
{[%clk 1:20:29]} f6 {[%clk 1:26:57]} 13. exf6 {[%clk 1:16:33]} Nxf6
{[%clk 1:27:20]} 14. Re3 {[%clk 1:08:26]} Bd7 {[%clk 1:25:12]} 15. h3
{[%clk 1:00:26]} Rac8 {[%clk 1:16:41]} 16. N1h2 {[%clk 0:53:38]} a6
{[%clk 1:03:23]} 17. Rb3 {[%clk 0:48:34]} Qa7 {[%clk 1:03:10]} 18. Be3
{[%clk 0:44:55]} Na5 {[%clk 0:53:22]} 19. Rc3 {[%clk 0:42:57]} Nc4
{[%clk 0:51:39]} 20. b3 {[%clk 0:40:14]} Nxe3 {[%clk 0:47:41]} 21. Rxe3
{[%clk 0:40:25]} Qb6 {[%clk 0:43:24]} 22. Re1 {[%clk 0:21:21]} Rc3
{[%clk 0:31:11]} 23. Bd3 {[%clk 0:15:15]} Bb5 {[%clk 0:25:39]} 24. Bxb5
{[%clk 0:14:05]} axb5 {[%clk 0:26:05]} 25. Ne5 {[%clk 0:11:18]} Ne4
{[%clk 0:23:13]} 26. Rxe4 {[%clk 0:08:09]} dxe4 {[%clk 0:23:31]} 27. Nd7
{[%clk 0:08:18]} Qxd4 {[%clk 0:18:19]} 28. Qxd4 {[%clk 0:05:07]} Bxd4
{[%clk 0:18:36]} 29. Nxf8 {[%clk 0:05:31]} Rc2 {[%clk 0:18:40]} 30. Rf1
{[%clk 0:00:40]} Kxf8 {[%clk 0:19:00]} 31. a4 {[%clk 0:00:53]} b4
{[%clk 0:19:13]} 32. Ng4 {[%clk 0:01:21]} Rb2 {[%clk 0:18:30]} 33. Re1
{[%clk 0:01:28]} Rxb3 {[%clk 0:16:21]} 34. Rxe4 {[%clk 0:01:54]} Bg7
{[%clk 0:16:47]} 35. Rxe6 {[%clk 0:02:02]} Rb1+ {[%clk 0:17:01]} 36. Kh2
{[%clk 0:02:28]} b3 {[%clk 0:17:23]} 0-1